Local area neworks: the second generation

-д хадгалсан:
Номзүйн дэлгэрэнгүй
Үндсэн зохиолч: Madron, Thomas William (autor)
Формат: Ном
Хэл сонгох:англи
Хэвлэсэн: Nueva York John Wiley 1988
Нөхцлүүд:
Шошгууд: Шошго нэмэх
Шошго байхгүй, Энэхүү баримтыг шошголох эхний хүн болох!

MARC

LEADER 00000nam a2200000 a 4500
001 UCW0926
003 CL-VaPUC
008 900529e19880000US |||||||||||||||||eng|d
082 0 4 |a 004.68  |b MAD  |2 21 
100 |a Madron, Thomas William  |e autor  |9 304850 
245 1 0 |a Local area neworks: the second generation 
300 |a 256 p 
942 |c BK 
945 |d 19900529 00:00:00 
260 |a Nueva York  |b John Wiley  |c 1988 
650 7 |a RED DE SERVICIO LOCAL  |2 CL-VaPUC  |9 270262 
583 |a last modification  |c 19900529 00:00:00  |k Rodrigo Vera 
999 |c 215941  |d 215939 
952 |0 0  |1 0  |4 0  |6 004_680000000000000_MAD_1988  |7 0  |8 A  |9 201219  |a BIBMAT  |b BIBMAT  |d 2019-11-14  |i 2683962  |o 004.68 MAD 1988  |p 2683962  |r 2025-01-07  |w 2019-11-14  |y BK  |k MAT